000 02732nam a2200457 i 4500
001 000000819
003 DO-SdBNP
005 20260312121332.0
007 ta
008 090522s2001 dr 000 0 spa d
020 _a9993442054
020 _a9789993442059
040 _aDO-SdBNP
_bspa
_cBNPHU
_erda
041 _aspa
082 4 _a305.8
_bE59s
_222
245 0 0 _aEnsayos sobre la descriminación /
_cAlain Touraine ...[et al] ; coordinador de ediciones y prólogo, Diógenes Céspedes ; edición, Andrés Blanco Díaz.
264 4 _aSanto Domingo :
_bFerilibro,
_c2001.
300 _a162 páginas ;
_c24 cm.
336 _atexto
_btxt
_2rdacontent
337 _asin mediación
_bn
_2rdamedia
338 _avolumen
_bnc
_2rdacarrier
500 _aIncluye referencias bibliográficas y notas al pie de las páginas.
505 0 _aPresentación -- Carlos Esteban Deive/ Presidente de la comisión permanente de la feria del libro -- Un prólogo necesario. Receta para no ser racista / Diógenes Céspedes. Director de ediciones de la comisión permanente de la feria del libro -- Iguales y diferentes / Alain Touraine -- Respetar la diversidad cultural: no a la discriminación / Luisiana Martínez -- Racismo, folklore e identidad en Dominicana / Dagoberto Tejeda Ortíz -- El escritor afrohispano y el proceso creativo / Blas R. Jiménez Abreu -- La descriminación contra las personas con discapacidad / Guillermo Díaz Bidó y Angel Darío Pujols -- Cómo enfrentar el futuro desde el feminismo / Lidia Falcón -- Aportes de las personas viejas al ámbito familiar y comunitario / Margot Tapia -- El preludio racial desde la religión / Marcos Villaman -- Identidad y racismo en la República Dominicana / Carlos Esteban Deive.
650 0 _aDiscriminación
_2LIBRUNAM
_92856
650 4 _aDiscriminación racial
_xEnsayos, conferencias, etc.
_92280
650 4 _aDiscriminación sexual
_xEnsayos, conferencias, etc.
_92858
700 1 _aTouraine, Alain,
_eautor
_4aut.
_92859
700 1 _aMartínez, Lusitania,
_eautor
_4aut.
_92860
700 1 _aTejeda Ortíz, Dagoberto,
_d1940-
_eautor
_4aut.
_91575
700 1 _aJiménez Abreu, Blas R.,
_eautor
_4aut.
_92861
700 1 _aDíaz Bidó, Guillermo,
_eautor
_4aut.
_92807
700 1 _aPujols, Angel Darío,
_eautor
_4aut.
_92862
700 1 _aFalcón, Lidia,
_eautor
_4aut.
_92863
700 1 _aTapia, Margot,
_eautor
_4aut.
_92864
700 1 _aVillaman, Marcos,
_eautor
_4aut.
_9760
700 1 _aDeive, Carlos Esteban,
_d1935-2019
_eautor
_4aut.
_91916
700 1 _aBlanco Díaz, Andrés,
_eeditor
_4ed.
_9172
700 1 _aCéspedes, Diógenes,
_d1941-
_epról.
_920548
710 2 _aComisión Permanente de la Feria del Libro (República Dominicana)
_91237
942 _2ddc
_cLBS1
999 _c815
_d815